Školství ve Švícarsku svazek 9

Bibliographic Details
Main Author: Vosolsobě, Rita (Author)
Format: Book
Language:Undetermined
PhysicalDescription:74 s.
Published: [ Praha] Ústav školských informací při minist. školství ČSR 1979
Edition:1. vyd.

MARC

LEADER 00000nam a2200000 a 4500
001 vtls001478983
003 SK-MaSNL
005 20260301015008.0
008 240318s1979 xx 0 und
035 |a SNK000434281 
040 |a SNK  |b slo  |c SNK  |e AACR2 
100 1 |a Vosolsobě, Rita  |4 aut  |9 304153 
245 1 0 |a Školství ve Švícarsku  |n svazek 9 
250 |a 1. vyd. 
260 |a [ Praha]  |b Ústav školských informací při minist. školství ČSR  |c 1979 
300 |a 74 s. 
958 |a OND 
999 |c 559789  |d 561719 
952 |t P60, <04>, [BOOK], {604}  |a SNK  |b SNK  |y VYP  |7 0  |p 17A0436054  |o snkIC 89861/9  |i snkKIP 12681/82  |0 0  |1 0  |4 0  |d 2004-07-21  |l 0  |r 2005-01-02 00:00:00  |w 2026-02-23